| 000 | 00000nam##2200000za#4500 |
| 001 | 9.644171 |
| 003 | CaOODSP |
| 005 | 20240212134143 |
| 007 | cr ||||||||||| |
| 008 | 150407|2014||||xxc|||||o f|0| 0 fre|d |
| 040 | |aCaOODSP|bfre |
| 043 | |an-cn--- |
| 086 | 1 |aNE23-179/2014F-PDF |
| 110 | 1 |aCanada. |bOffice national de l'énergie. |
| 245 | 10|aOffice national de l'énergie - Directives relatives aux rapports sur les mesures de rendement des pipelines |h[ressource électronique] |
| 260 | |aCalgary - Alberta : |bOffice national de l'énergie |c2014. |
| 300 | |a41p. |
| 500 | |a«Modifié en novembre 2014». |
| 590 | |a15-05|b2015-01-30 |
| 691 | 07|aPipeline|2gcpds |
| 691 | 07|aPrévention des accidents|2gcpds |
| 775 | 08|tNational Energy Board pipeline performance measures reporting guidance |w(CaOODSP)9.700272 |
| 856 | 40|ahttp://publications.gc.ca|qPDF|s240 Ko|uhttps://publications.gc.ca/collections/collection_2015/one-neb/NE23-179-2014-fra.pdf |